Normal view
MARC view
- Benavides Ilizaliturri, Luis Gonzaga
Entry Nombre Personal
001 - NUMERO DE CONTROL
- campo de control: 34533
003 - IDENTIFICADOR DE NUMERO DE CONTROL
- campo de control: UPN
005 - FECHA Y HORA DE LA ÜLTIMA TRANSACCIÓN
- campo de control: 20210219194454.0
008 - DATOS DE LONGITUD FIJA
- campo de control de longitud fija: nabaccnnaabn|||||||||| b |nc|||||d
035 ## - NUMERO DE CONTROL
- Número de control: UPN11000006640
040 ## - FUENTE DE CATALOGACIÓN
- Lenguaje de catalogación: SPA
- Agencia de transcripción: UPN
100 1# - ENCABEZAMIENTO - NOMBRE PERSONAL
- Nombre personal: Benavides Ilizaliturri, Luis Gonzaga
670 ## - FUENTE EN LA QUE SE LOCALIZARON DATOS
- Cita de la fuente: T
- Uniform Resource Identifier: http://www.upla.cl/transparencia/wp-content/uploads/2013/05/2013_0513_mexi_dto_exto_1255_cipae.pdf
680 ## - NOTA PUBLICA DE ACCESO PÚBLICO
- Frase explicativa de la referencia: Doctor en Educación mexicano
902 ## - CATALOGADOR
- Catalogador: MMA/041213
